000 00945nam1a22002171i 4500
001 rc\492611
005 20260407142452.0
035 _a(NLR Aleph) 005809757
090 _a5375945
_c5375945
100 _a20030616d1987 u |0rusy50 ca
101 0 _arus
102 _aRU
105 _ay |||||||||
200 1 _aМЕТОДИЧЕСКИЕ указания по эксплуатации программного обеспечения подсистемы проектирования плана вторых путей
_fМ-во трансп. стр-ва СССР. Главтранспроект, Моск. гос. проект.-изыскат. ин-т трансп. стр-ва Мосгипротранс
210 _aМ.
_cБ. и.
_d1987
215 _d28
712 0 2 _a"Мосгипротранс", институт
_3RU\NLR\AUTH\8810012273
_9522328
801 0 _aRU
_bNLR
_gpsbo
801 1 _aRU
_bELAR
_2rusmarc
852 _aNLR
_j88-8/1530
942 _cBOOK